[Event "FRA-ch U12"]
[Site "Hyeres"]
[Date "2019.04.18"]
[Round "6"]
[White "Volkov, Andreiy"]
[Black "Makkar, Rajat"]
[Result "0-1"]
[WhiteElo "1628"]
[BlackElo "2147"]
[PlyCount "50"]
[EventDate "2019.04.14"]
[EventType "swiss"]
[EventRounds "9"]
[EventCountry "FRA"]
[SourceTitle "CBM 190 Extra"]
[Source "ChessBase"]
[SourceDate "2019.07.15"]
[SourceVersion "1"]
[SourceVersionDate "2019.07.15"]
[SourceQuality "1"]

1. e4 e5 2. Nf3 Nc6 3. Nc3 Nf6 4. d4 exd4 5. Nxd4 Bb4 6. Nxc6 bxc6 7. Bd3 0-0 8. 0-0 Re8 9. Qf3 d5 10. exd5 cxd5 11. h3 Bxc3 12. bxc3 Ne4 13. c4 Bb7 14. Re1 Nc5 15. Rxe8+ Qxe8 16. Qe3 Qc6 17. cxd5 Qxd5 18. f3 Rd8 19. Bb2 Nxd3 20. cxd3 f6 21. Qxa7 Qb5 22. Rc1 Qxb2 23. Rxc7 Qa1+ 24. Kf2 Re8 25. Kg3 Qe5+ 0-1

[Event "Gibraltar Amateur op-A"]
[Site "Caleta"]
[Date "2018.01.25"]
[Round "4"]
[White "Busch, Guenther"]
[Black "Volkov, Andreiy"]
[Result "1/2-1/2"]
[WhiteElo "1537"]
[BlackElo "1698"]
[PlyCount "87"]
[EventDate "2018.01.22"]
[EventType "swiss"]
[EventRounds "5"]
[EventCountry "GGB"]
[SourceTitle "EXT 2019"]
[Source "ChessBase"]
[SourceDate "2018.10.10"]
[SourceVersion "1"]
[SourceVersionDate "2018.10.10"]
[SourceQuality "1"]

1. Nf3 d5 2. e3 c5 3. b3 Nc6 4. Bb2 Nf6 5. h3 e6 6. Be2 Bd6 7. 0-0 0-0 8. c4 Re8 9. cxd5 exd5 10. d4 cxd4 11. Nxd4 Nxd4 12. Bxd4 Be5 13. Bxe5 Rxe5 14. Nd2 b6 15. Nf3 Re8 16. Nd4 Bd7 17. Rc1 Rc8 18. Nb5 Bxb5 19. Bxb5 Re7 20. Bd3 Rec7 21. Qd2 Qd6 22. Bf5 Rxc1 23. Rxc1 Rc5 24. Rxc5 Qxc5 25. Qc2 Kf8 26. Qxc5+ bxc5 27. Bd3 Ke7 28. Kf1 g6 29. Ke2 Kd6 30. Kd2 a5 31. f3 Nd7 32. Bb5 Nb6 33. Kc3 f5 34. Kd3 h6 35. h4 g5 36. g3 Ke5 37. hxg5 hxg5 38. f4+ gxf4 39. gxf4+ Kf6 40. Bc6 Kg6 41. Be8+ Kf6 42. Bc6 Ke6 43. Bb5 Kd6 44. Be8 1/2-1/2

[Event "Gibraltar Amateur op-A"]
[Site "Caleta"]
[Date "2018.01.23"]
[Round "2"]
[White "Volkov, Andreiy"]
[Black "Spanton, Timothy"]
[Result "1/2-1/2"]
[WhiteElo "1698"]
[BlackElo "1888"]
[PlyCount "128"]
[EventDate "2018.01.22"]
[EventType "swiss"]
[EventRounds "5"]
[EventCountry "GGB"]
[SourceTitle "EXT 2019"]
[Source "ChessBase"]
[SourceDate "2018.10.10"]
[SourceVersion "1"]
[SourceVersionDate "2018.10.10"]
[SourceQuality "1"]

1. e4 c5 2. Nf3 g6 3. c3 Bg7 4. Bc4 e6 5. d4 cxd4 6. cxd4 d5 7. exd5 exd5 8. Bb3 Ne7 9. 0-0 0-0 10. Nc3 Nbc6 11. Bf4 Bg4 12. Be5 Nxe5 13. dxe5 Bxe5 14. Nxd5 Bxb2 15. Rb1 Bg7 16. Re1 Nc6 17. Ba4 Nd4 18. Ne7+ Kh8 19. Rxb7 Nxf3+ 20. gxf3 Qxd1 21. Bxd1 Be6 22. Bb3 Bxb3 23. axb3 a5 24. Nc6 Bf6 25. Ne5 Bxe5 26. Rxe5 a4 27. bxa4 Rxa4 28. Ree7 Kg7 29. Kg2 Rf4 30. Kg3 Rf5 31. h4 h5 32. f4 Ra8 33. Ra7 Rxa7 34. Rxa7 Rb5 35. Rd7 Rb3+ 36. f3 Rb6 37. Rd5 Kf6 38. Rg5 Rb1 39. Kg2 Rb4 40. Kg3 Rd4 41. Re5 Rd6 42. Rg5 Kg7 43. f5 Rd1 44. fxg6 fxg6 45. Ra5 Kf6 46. Rb5 Rd4 47. Ra5 Rd6 48. Rb5 Re6 49. Ra5 Re5 50. Ra6+ Kf5 51. Ra4 Rd5 52. Rf4+ Ke6 53. Re4+ Re5 54. Kf4 Rxe4+ 55. fxe4 Kf6 56. e5+ Ke6 57. Ke4 Kf7 58. Kd5 Ke7 59. e6 g5 60. hxg5 h4 61. Ke4 Kxe6 62. Kf4 h3 63. Kg3 Kf5 64. Kxh3 Kxg5 1/2-1/2